| 000 | 01022nam a22001935i 4500 | ||
|---|---|---|---|
| 001 | 153714 | ||
| 003 | ES-MaACL | ||
| 005 | 20250827062626.0 | ||
| 008 | 940202s1873 sp |||| | spa d | ||
| 040 |
_aAS _bspa |
||
| 110 | 1 |
_aEspaña _93622 |
|
| 240 | 1 | 0 | _aLeyes, etc. sobre obras públicas |
| 245 | 1 | 0 |
_aColección legislativa sobre la contabilidad de obras públicas precedida de un resumen alfabético por materias y de algunas observaciones acerca de la documentación mensual _b: obra de constante consulta y de utilidad... comprende las leyes, decretos, órdenes, circulares y demás disposiciones que tiene aplicación a la contabilidad desde 1846 hasta 30 de mayo de 1873 / _crecopilación hecha por Toribio Martínez. |
| 260 |
_aMadrid : _b[s.n.], _c1873 ( _fImprenta de Manuel Minuesa) |
||
| 300 |
_aXXXV, 315 p. ; _c22 cm. |
||
| 700 | 1 | 1 |
_aMartínez, Toribio. _9129664 |
| 852 |
_aES-MaACL _jT-269-F-2 _z-- Enc. hol. _q-- Falto de la cub. original _z-- Enc. en un vol. facticio |
||
| 999 |
_c153714 _d153714 |
||